Civilisation progressive du Français intermédiaire : avec 600 activités

Salvato in:
Dettagli Bibliografici
Autore principale: Steele, Ross
Natura: Libro
Lingua:francese
Pubblicazione: Paris CLE international 2017
Soggetti:
Tags: Aggiungi Tag
Nessun Tag, puoi essere il primo ad aggiungerne!!

MARC

LEADER 00000nam a2200000 4500
001 0224521
005 20221221133740.5
020 |a 978-209-038125-2 
041 0 |a fre 
044 |a FR 
245 1 0 |a Civilisation progressive du Français  |b intermédiaire : avec 600 activités  |c Ross Steele 
264 1 |a Paris  |b CLE international  |c 2017 
300 |a 208 s.  |e CD-ROM 
610 2 0 |a francúzština 
610 2 0 |a jazyky cudzie 
610 2 0 |a gramatika 
610 2 0 |a zásoba slovná 
610 2 0 |a konverzácia 
610 2 0 |a výslovnosť 
610 2 0 |a Francúzsko 
610 2 0 |a kultúra 
610 2 0 |a reálie 
100 1 |a Steele, Ross